Nociones de economía política /

Guardado en:
Autor Principal: Burkún, Mario
Otros Autores: Spagnolo, Alberto
Formato: Libro
Idioma:Spanish
Publicado: Buenos Aires : Victor P. de Zavalía, 1992
Edición:4a. ed.
Materias:
Etiquetas: Agregar Etiqueta
LEADER 00536nam a22001815a 4500
001 DER.der012443
008 180615s1992####|||||||||||||||||#||spa||
005 20260616144841.0
245 1 0 |a Nociones de economía política /  |c Mario Burkún , Alberto Spagnolo 
250 |a 4a. ed. 
260 |a Buenos Aires :  |b Victor P. de Zavalía,  |c 1992 
300 |a 148 p. 
020 |a 9505721080 
100 1 |a Burkún, Mario 
700 1 |a Spagnolo, Alberto 
650 7 |a ECONOMÍA POLÍTICA 
650 7 |a ECONOMÍA 
859 |a DERECHO  |b BIB. DERECHO  |h 330  |i BUR  |p 007270